| 000 | 00770nam a2200277Ia 4500 | ||
|---|---|---|---|
| 003 | OSt | ||
| 005 | 20220912151223.0 | ||
| 006 | a|||||r|||| 00| 0 | ||
| 007 | ta | ||
| 008 | 220909b |||||||| |||| 00| 0 eng d | ||
| 024 | _a20836 | ||
| 037 | _cTextual | ||
| 040 |
_aCSL _beng _cCSL |
||
| 041 | _aeng | ||
| 082 | _aB2810bD, L8 | ||
| 100 | _aWalpole Ronald E | ||
| 245 | 0 | _aProbability and statistics for engineers and scientists | |
| 250 | _a2 | ||
| 260 |
_aNew York _b Macmillan _c1972 |
||
| 300 |
_avii, 580p. _ccm. |
||
| 500 |
_aBibliography 505-506p. _ccm. |
||
| 650 | _aEngineering-Statistical | ||
| 700 | _a Myers Raymond H | ||
| 942 |
_hB2810bD, L8 _cTEXL _2CC |
||
| 999 |
_c63932 _d63932 |
||